Mechatronics (Record no. 188875)

000 -LEADER
fixed length control field 00366nam a2200133Ia 4500
008 - FIXED-LENGTH DATA ELEMENTS--GENERAL INFORMATION
fixed length control field 220217s9999||||xx |||||||||||||| ||und||
020 ## - INTERNATIONAL STANDARD BOOK NUMBER
International Standard Book Number 9780070483743
082 ## - DEWEY DECIMAL CLASSIFICATION NUMBER
Classification number 621 MAH
100 ## - MAIN ENTRY--PERSONAL NAME
Personal name Mahalik, Niraigour Premchand
245 #0 - TITLE STATEMENT
Title Mechatronics
260 ## - PUBLICATION, DISTRIBUTION, ETC.
Place of publication, distribution, etc. Tata mcgraw hill company Ltd
Name of publisher, distributor, etc. New Delhi
Date of publication, distribution, etc. 2018
300 ## - PHYSICAL DESCRIPTION
Extent XX, 588p.
Other physical details 960
650 ## - SUBJECT ADDED ENTRY--TOPICAL TERM
Topical term or geographic name entry element MECHANICHAL
Holdings
Withdrawn status Lost status Damaged status Not for loan Collection code Home library Current library Date acquired Total Checkouts Full call number Barcode Date last seen Date last checked out Price effective from Koha item type
        Mechanical Engineering Central Library Central Library 02/18/2022 1 621 MAH 24064 01/31/2023 01/24/2023 02/18/2022 Books

Powered by Koha